25 krajów z najbardziej wolnymi mediami - Statystyki

Ogólne statystyki
  • Ten quiz został rozwiązany 51 razy
  • Średni wynik to 18 z 25
Statystyki odpowiedzi
miejsce kraj % Poprawnych
3 Dania
98%
5 Finlandia
98%
1 Norwegia
98%
21 Niemcy
95%
4 Szwecja
95%
15 Kanada
89%
24 Francja
86%
7 Litwa
86%
16 Łotwa
86%
8 Estonia
84%
2 Irlandia
84%
18 Islandia
84%
14 Czechy
82%
6 Holandia
80%
20 Luksemburg
80%
9 Portugalia
80%
17 Słowacja
80%
12 Szwajcaria
77%
13 Nowa Zelandia
75%
11 Liechtenstein
66%
25 RPA
45%
23 Kostaryka
11%
22 Namibia
5%
10 Timor Wschodni
2%
19 Samoa
0%
Nie znaleziono quizów pasujących do podanych kryteriów
Rozkład punktacji
Procent ludzi z każdym wynikiem
Percentyl według liczby udzielonych odpowiedzi
Twoja historia wyników
Nie rozwiązałeś tego quizu